| 000 | 00836nam a22002057a 4500 | ||
|---|---|---|---|
| 001 | 82925 | ||
| 003 | BD-RjUL | ||
| 005 | 20240204093353.0 | ||
| 008 | 240204s1923 ii ||||| |||| 00| 0 per d | ||
| 035 | _a(BD-RjUL)82925 | ||
| 040 |
_aBD-RjUL _beng _cBD-RjUL |
||
| 041 | _aper | ||
| 082 |
_223 _a891.551 _bGAS 1923 |
||
| 100 |
_aگنجوي, محمد بخش ابن محمد عظيم نظامي ;; Ganjavi, Muhammad Bakhsh Ibn Muhammad Azim Nizami _d[1256 ه؟, 1840 _911392 |
||
| 245 |
_aسکندر نامه برى] / Sikandarʻnāmah-i barrī, / _cMuhammad Bakhsh Ibn Muhammad Azim Nizami Ganjavi ;; محمد بخش ابن محمد عظيم نظامي گنجوي |
||
| 260 |
_aLakhnuw : _bDar Matbaa Munsi, _c1923 |
||
| 300 |
_a546 p. ; _c27 cm |
||
| 650 |
_a Persian Language شعر فارسي _vPoetry _911393 |
||
| 942 |
_2ddc _cBK |
||
| 999 |
_c82925 _d82925 |
||